Advanced engineering mathematics (Record no. 14792)

MARC details
000 -LEADER
fixed length control field 00232nam a22001097a 4500
082 ## - DEWEY DECIMAL CLASSIFICATION NUMBER
Classification number 515COC
100 ## - MAIN ENTRY--AUTHOR NAME
Personal name Cochran
245 ## - TITLE STATEMENT
Title Advanced engineering mathematics
260 ## - PUBLICATION, DISTRIBUTION, ETC. (IMPRINT)
Place of publication California
Name of publisher Books
Year of publication 1987
300 ## - PHYSICAL DESCRIPTION
Number of Pages 659p
942 ## - ADDED ENTRY ELEMENTS (KOHA)
Koha item type Books
Holdings
Withdrawn status Lost status Home library Current library Date acquired Cost, normal purchase price Full call number Accession Number Koha item type
    Central Library, QUEST, Nawabshah Central Library, QUEST, Nawabshah 24/11/2015 1160.25 515COC 13274 Books